Entry Personal Name
Number of records used in: 1
001 - CONTROL NUMBER
003 - CONTROL NUMBER IDENTIFIER
005 - DATE AND TIME OF LATEST TRANSACTION
- control field:
20230920162750.0
008 - FIXED-LENGTH DATA ELEMENTS
- fixed length control field:
090917n| azannaabn |a aaa
010 ## - LIBRARY OF CONGRESS CONTROL NUMBER
- LC control number:
n 2009215485
035 ## - SYSTEM CONTROL NUMBER
- System control number:
(OCoLC)oca08244060
040 ## - CATALOGING SOURCE
- Original cataloging agency:
DLC
- Language of cataloging:
eng
- Transcribing agency:
DLC
- Modifying agency:
Uk
- Description conventions:
rda
- Modifying agency:
MdRoLAC
046 ## - SPECIAL CODED DATES
- Birth date:
1964
- Source of date scheme:
edtf
100 1# - HEADING--PERSONAL NAME
- Personal name:
Roy, Himanshu
372 ## - FIELD OF ACTIVITY
- Field of activity:
Political sciece
- Source of term:
lcsh
373 ## - ASSOCIATED GROUP
- Associated group:
University of Delhi
- Source of term:
naf
400 0# - SEE FROM TRACING--PERSONAL NAME
- Personal name:
Himanshu Roy
670 ## - SOURCE DATA FOUND
- Source citation:
Roy, Himanshu. Secularism and its colonial legacy in India, 2009:
- Information found:
t.p. (Himanshu Roy) jkt. (currently reader in pol. sc., DDU Coll., U. of Delhi)
670 ## - SOURCE DATA FOUND
- Source citation:
DK Agencies MARC record, 24 June 2010
- Information found:
(hdg.: Roy, Himanshu, 1964-)